Loading...
| History - European History | 2 | 4 | 1 | 0 | 65 | 44 | 73.67 | 5 | 6 |
| History - World History | 2 | 3 | 1 | 1 | 55 | 46 | 83.60 | 4 | 5 |
| Philosophy | 0 | 5 | 0 | 1 | 50 | 82 | 107.20 | 4 | 5 |
| Literature - Short Fiction | 0 | 3 | 0 | 0 | 30 | 76 | 113.67 | 2 | 3 |
| History - Other History | 0 | 2 | 0 | 1 | 20 | 63 | 101.00 | 0 | 2 |
| Religion | 1 | 0 | 0 | 0 | 15 | 80 | 80.00 | 0 | 1 |
| Science - Other Science | 0 | 2 | 1 | 0 | 15 | 95 | 97.50 | 1 | 2 |
| Literature - Long Fiction | 1 | 0 | 1 | 0 | 10 | 22 | 22.00 | 1 | 1 |
| Science - Physics | 0 | 1 | 0 | 1 | 10 | 97 | 97.00 | 1 | 1 |
| Literature - Poetry | 0 | 1 | 1 | 0 | 5 | 123 | 123.00 | 0 | 1 |
| Literature - Drama | 0 | 1 | 1 | 0 | 5 | 132 | 132.00 | 0 | 1 |
| Fine Arts - Painting and Sculpture | 0 | 1 | 1 | 0 | 5 | 107 | 107.00 | 1 | 1 |
| Social Science | 0 | 0 | 0 | 0 | 0 | 0.00 | 0 | 0 | |
| Fine Arts - Other Fine Arts | 0 | 0 | 1 | 0 | -5 | 0.00 | 0 | 0 |